000 01084nam2a22002291 4500
001 v19\rc\1278121
005 20250618010047.0
035 _a(NLR Aleph) 004429151
090 _a4242701
_c4242701
100 _a20060306d1905 |||y0rusy50 ca
101 0 _arus
102 _aRU
105 _ay z |||||
200 0 _a... за 1903/4 год
210 _d1905
_aБ. м.
215 _a26, 4 с.
461 0 _1001v19\rc\1278114
_12001#$aОтчет о состоянии Оренбургского епархиального женского училища по учебно-воспитательной части...$v... за 1903/4 год$90
_94242611
_aОренбургское епархиальное женское уч-ще
_c[Оренбург
_d1897]-
_tОтчет о состоянии Оренбургского епархиального женского училища по учебно-воспитательной части...
_v... за 1903/4 год$90
801 0 _aRU
_bNLR
_gpsbo
801 1 _aRU
_bProSoft-M
_2rusmarc
852 _aNLR
_j19.117.6.21
942 _cBOOK
980 _aNB